Detalles MARC
| 000 -LÍDER |
| Campo fijo de descripción fija |
02574aam a2200349 i 4500 |
| 001 - NÚMERO DE CONTROL |
| Campo de control |
768714001 |
| 003 - IDENTIFICADOR DEL NÚMERO DE CONTROL |
| Campo de control |
CO-MdFUSB |
| 005 - FECHA Y HORA DE LA ULTIMA TRANSACCIÓN |
| control field |
20240115152440.0 |
| 007 - CAMPO FIJO DE DESCRIPCIÓN FIJA--INFORMACIÓN GENERAL |
| Campo fijo de descripción fija |
ta |
| 008 - ELEMENTOS DE LONGITUD FIJA -- INFORMACIÓN GENERAL |
| Campo fijo de descripción fija -- Información general |
231002t19981998ck a||ag |||| 00| 0 spa d |
| 020 ## - NÚMERO INTERNACIONAL NORMALIZADO PARA LIBROS |
| Número Internacional Normalizado del libro |
[No incluye ISBN] |
| 040 ## - FUENTE DE CATALOGACIÓN |
| Agencia de catalogación original |
CO-MdFUSB |
| Idioma de catalogación |
spa |
| Agencia que realiza la transcripción |
CO-MdFUSB |
| Agencia que realiza la modificación |
CO-MdFUSBC |
| Convenciones de la descripción |
rda |
| 041 ## - CÓDIGO DE IDIOMA |
| Código de idioma para texto/pista de sonido o título separado |
spa |
| 082 ## - NÚMERO DE CLASIFICACIÓN DECIMAL DEWEY |
| Número de la edición del Dewey |
23 |
| Número de clasificación |
241.6765 |
| Clave de autor-Numero de item |
V715 |
| 100 ## - ASIENTO PRINCIPAL--NOMBRE PERSONAL |
| Nombre personal |
Villamil Bautista, Luis B, |
| Término relacionador |
autor |
| 245 13 - TÍTULO |
| Título del Material |
Lo que deben saber los Novios antes de casarse |
| Parte restante del título - Subtitulo |
: orientaciones para lograr un noviazgo dichoso y un matrimonio felíz |
| Mención de responsabilidad, etc. |
/ Luis B. Villamil Bautista |
| 250 ## - MENCIÓN DE EDICIÓN |
| Mención de edición |
primera edición |
| 264 #0 - PRODUCCIÓN, PUBLICACIÓN, DISTRIBUCIÓN, MANUFACTURA, Y COPYRIGHT |
| Lugar de producción, publicación, distribución, manufactura |
Medellín, Colombia : |
| Nombre del productor, publicador, distribuidor |
Luvil, |
| Fecha de producción, publicación, distribución, manufactura, o copyright |
[1998] |
| 300 ## - DESCRIPCIÓN FÍSICA |
| Extensión |
330 páginas |
| Dimensiones |
; 23 cm |
| 336 ## - TIPO DE CONTENIDO |
| Fuente |
rdacontent |
| Término de tipo de contenido |
texto |
| Código de tipo de contenido |
txt |
| 337 ## - TIPO DE MEDIO |
| Fuente |
rdamedia |
| Nombre del tipo de medio |
sin mediación |
| Código del tipo de medio |
n |
| 338 ## - TIPO DE SOPORTE |
| Fuente |
rdacarrier |
| Nombre del tipo de soporte |
volumen |
| Código Tipo de soporte |
nc |
| 504 ## - NOTA DE BIBLIOGRAFÍA, ETC. |
| Nota de bibliografía, etc |
Incluye bibliografía |
| 505 ## - NOTA DE CONTENIDO |
| Nota de contenido con formato preestablecido |
El amor y sus diferentes significados -- La madurez y los contrayentes -- Noviazgo y manejo de los desacuerdos -- Comunicación y manejo de las finanzas en el hogar -- Propósitos divinos de la relación sexual -- Dos personas en una sola carne -- Planificación familiar de la pareja -- La recreación en la pareja y en la familia -- La pareja y su relación con los suegros -- El compromiso en yugo desigual -- Comienzo real del matrimonio -- La pareja y sus primeros ocho años de matrimonio -- El arte de ser esposos -- Vistazo de la pareja entre los 8 y 30 años de vida matrimonial -- Vistazo de la pareja a la vejez, soledad y muerte -- Materiales auxiliares para el participante. |
| 520 ## - NOTA DE RESUMEN, ETC. |
| Nota de sumario, etc. |
Hace treinta años que el autor de esta obra pertenece a la Iglesia adventista, durante los cuales ha sido testigo y consumador de muchas ceremonias matrimoniales, incluyendo la suya.<br/>Por lo general no ha sido práctica de los pastores adventistas y de otras comunidades religiosas, impartir a los contrayentes un curso formal de educación básica para el matrimonio.<br/>Para atender en parte esta necesidad sentida, el autor decidió preparar esta obra, dirigida especialmente a los novios y a los esposos. A los novios, porque antes de que ellos den este paso decisivo deben, al menos, echar una mirada general a las distintas etapas del matrimonio para que conozcan los deberes, derechos y privilegios que van a adquirir como individuos frente a Dios, a su conyugue, a sus hijos, a la familia y a la sociedad. |
| 563 ## - NOTA DE ENCUADERNACIÓN |
| Nota de encuadernación |
Rústico |
| 650 #7 - ASIENTO SECUNDARIO DE MATERIA - TERMINO TEMÁTICO |
| 9 (RLIN) |
291 |
| Término temático o nombre geográfico como elemento de entrada |
Matrimonio |
| Término temático que sigue al nombre geográfico como elemento de entrada |
Cristianismo |
| Subdivisión general |
Aspectos religiosos |
| 650 #0 - ASIENTO SECUNDARIO DE MATERIA - TERMINO TEMÁTICO |
| Término temático o nombre geográfico como elemento de entrada |
Vida cristiana |
| 9 (RLIN) |
19 |
| 653 ## - TÉRMINO DE INDIZACIÓN - NO CONTROLADO |
| Término no controlado |
Noviazgo |
| 942 ## - TIPO DE MATERIAL (KOHA) |
| Tipo de Item KOHA |
Libros General |
| 945 ## - INFORMACIÓN LOCAL DEL REGISTRO |
| Catalogador |
sor1564 |